Differential Equations With Boundary-Value Problems / (Record no. 616699)

000 -LEADER
fixed length control field 00531nam a22001817a 4500
003 - CONTROL NUMBER IDENTIFIER
control field NUST
005 - DATE AND TIME OF LATEST TRANSACTION
control field 20260316144728.0
008 - FIXED-LENGTH DATA ELEMENTS--GENERAL INFORMATION
fixed length control field 260316b ||||| |||| 00| 0 eng d
020 ## - INTERNATIONAL STANDARD BOOK NUMBER
International Standard Book Number 978-0534931582
082 ## - DEWEY DECIMAL CLASSIFICATION NUMBER
Classification number 515.35
Author Mark DEN
100 ## - MAIN ENTRY--PERSONAL NAME
Personal name Dennis G. Zill, Michael R. Cullen
9 (RLIN) 55020
245 ## - TITLE STATEMENT
Title Differential Equations With Boundary-Value Problems /
Statement of responsibility, etc. Dennis G. Zill, Michael R. Cullen.
250 ## - EDITION STATEMENT
Edition statement 3rd Edition
260 ## - PUBLICATION, DISTRIBUTION, ETC.
Name of publisher, distributor, etc. Brooks Cole,
Date of publication, distribution, etc. 1992.
300 ## - PHYSICAL DESCRIPTION
Extent 772 p ;
Dimensions 30.00 cm
563 ## - BINDING INFORMATION
Binding note Hardcover
942 ## - ADDED ENTRY ELEMENTS (KOHA)
Source of classification or shelving scheme
Koha item type Book
Holdings
Withdrawn status Lost status Source of classification or shelving scheme Damaged status Not for loan Permanent Location Current Location Date acquired Total Checkouts Full call number Barcode Date last seen Price effective from Koha item type
          Institute of Geographical Information Systems (IGIS) Institute of Geographical Information Systems (IGIS) 03/16/2026   515.35 DEN IGIS-172 03/16/2026 03/16/2026 Book
© 2023 Central Library, National University of Sciences and Technology. All Rights Reserved.